The Nonlinear Schrodinger Equation for a Many-Dimensional System in an Oscillator Field; Russian Physics Journal; Vol. 48, iss. 7

Podrobná bibliografie
Parent link:Russian Physics Journal: Scientific Journal
Vol. 48, iss. 7.— 2005.— [P. 746-753]
Hlavní autor: Borisov A. V. Aleksey Vladimirovich
Další autoři: Trifonov A. Yu. Andrey Yurievich, Shapovalov A. V. Aleksandr Vasilyevich
Shrnutí:Title screen
The method of semi-classical asymptotics is applied to a many-dimensional nonlinear Schrodinger equation with an external anisotropic oscillator field. Solutions asymptotic in a small parameter h, h - 0, are constructed in the class of functions localized in the neighborhood of an unclosed parabolic surface associated with the phase curve that describes the evolution of the vertex of this surface. In the normal direction to the surface, the functions have the form of the one-soliton solution of a one-dimensional nonlinear Schrodinger equation. The asymptotic evolution operator is considered accurate to O(h3/2), h - 0, in the specified class of solutions. The phenomenon of collapse is discussed
Режим доступа: по договору с организацией-держателем ресурса
Jazyk:angličtina
Vydáno: 2005
Témata:
On-line přístup:http://link.springer.com/article/10.1007/s11182-005-0196-9
Médium: MixedMaterials Elektronický zdroj Kapitola
KOHA link:https://koha.lib.tpu.ru/cgi-bin/koha/opac-detail.pl?biblionumber=636520

MARC

LEADER 00000nla0a2200000 4500
001 636520
005 20250328104728.0
035 |a (RuTPU)RU\TPU\network\528 
090 |a 636520 
100 |a 20140210d2005 k||y0rusy50 ba 
101 0 |a eng 
102 |a US 
135 |a drnn ---uucaa 
181 0 |a i  
182 0 |a b 
200 1 |a The Nonlinear Schrodinger Equation for a Many-Dimensional System in an Oscillator Field  |f A. V. Borisov, A. Yu. Trifonov, A. V. Shapovalov 
203 |a Text  |c electronic 
300 |a Title screen 
320 |a [References: p. 753 (15 tit.)] 
330 |a The method of semi-classical asymptotics is applied to a many-dimensional nonlinear Schrodinger equation with an external anisotropic oscillator field. Solutions asymptotic in a small parameter h, h - 0, are constructed in the class of functions localized in the neighborhood of an unclosed parabolic surface associated with the phase curve that describes the evolution of the vertex of this surface. In the normal direction to the surface, the functions have the form of the one-soliton solution of a one-dimensional nonlinear Schrodinger equation. The asymptotic evolution operator is considered accurate to O(h3/2), h - 0, in the specified class of solutions. The phenomenon of collapse is discussed 
333 |a Режим доступа: по договору с организацией-держателем ресурса 
461 |t Russian Physics Journal  |o Scientific Journal 
463 |t Vol. 48, iss. 7  |v [P. 746-753]  |d 2005 
610 1 |a электронный ресурс 
610 1 |a труды учёных ТПУ 
700 1 |a Borisov  |b A. V.  |c mathematician  |c Associate Professor of Tomsk Polytechnic University, Candidate of physical and mathematical sciences  |f 1980-  |g Aleksey Vladimirovich  |3 (RuTPU)RU\TPU\pers\31743 
701 1 |a Trifonov  |b A. Yu.  |c physicist, mathematician  |c Professor of Tomsk Polytechnic University, Doctor of physical and mathematical sciences  |f 1963-  |g Andrey Yurievich  |3 (RuTPU)RU\TPU\pers\30754 
701 1 |a Shapovalov  |b A. V.  |c mathematician  |c Professor of Tomsk Polytechnic University, Doctor of physical and mathematical sciences  |f 1949-  |g Aleksandr Vasilyevich  |3 (RuTPU)RU\TPU\pers\31734 
801 2 |a RU  |b 63413507  |c 20180306  |g RCR 
856 4 |u http://link.springer.com/article/10.1007/s11182-005-0196-9 
942 |c CF